| 000 | 00889nam a2200265Ia 4500 | ||
|---|---|---|---|
| 003 | OSt | ||
| 005 | 20221005025914.0 | ||
| 006 | a|||||r|||| 00| 0 | ||
| 007 | ta | ||
| 008 | 221004b |||||||| |||| 00| 0 eng d | ||
| 020 |
_a9781107538252 (pbk) _cUKP 21.99 |
||
| 024 | _a33363 | ||
| 037 |
_b109926, 06/03/2017, International Book Distributors _cTextual |
||
| 040 |
_aCRL _cCRL _beng |
||
| 041 |
_2eng _aeng |
||
| 082 | _aR3xL24:g, Q5 | ||
| 100 |
_aO'Neill Onora Au. _932776 |
||
| 245 | 0 |
_aConstructing authorities _b reason, politics and interpretation in Kant's philosophy |
|
| 260 |
_aCambridge _bCambrdige University Press UK _c2015 |
||
| 300 |
_avi,253p. _ccm. |
||
| 650 | _a KANT, IMMANUEL | ||
| 650 | _aPHILOSOPHERS | ||
| 942 |
_hR3xL24:g, Q5 _cTEXL _2cc |
||
| 999 |
_c935416 _d935416 |
||